000 00986 a2200289 4500
005 20251205162136.0
008 251205b |||||||| |||| 00| 0 eng d
020 _a9781786630711 (hbk)
037 _cTB
040 _aCRL
_cCRL
041 _2eng
_aeng
084 _aW60aX:326 Q7
_qCRL
100 _aStreeck, Wolfgang
_9821996
245 _aBuying time the delayed crisis of democratic capitalism
250 _a2nd Ed.
260 _cLondon, UK;
_cNew York, USA:
_bVerso,
_a2017.
300 _alxvi, 222p.
365 _b12.99
_cUKP
650 _aPolitical Science
_9855003
650 _aDemocracy
_9855004
650 _aEconomics
_9855005
650 _aCapitalism
_9855006
700 _aCamiller, Patrick
_etranslator.
_9855007
700 _aFernbach, David
_etranslator.
_9855008
942 _cTB
_2CC
_n0
_e2nd Ed.
_hW60aX:326 Q7
999 _c1435834
_d1435834